| 000 | 00386 a2200109 4500 | ||
|---|---|---|---|
| 001 | ART_44036 | ||
| 005 | 20260410161743.0 | ||
| 008 | 260409a | ||
| 245 | 1 | 0 | _aInconstitucionalidad de la adhesión de la provincia de Buenos Aires al procedimiento diseñado por la ley 27348 |
| 100 | 1 | _aFormaro, Juan J. | |
| 773 | 0 |
_tDoctrina laboral _g- Nº 383 (jul. 2017) _wREV4049 |
|
| 999 |
_c18922 _d18922 |
||